Central Library OPAC University of Rajshahi

Principles of neural science / (Record no. 12220)

MARC details
000 -LEADER
fixed length control field 01153cam a2200373 a 4500
001 - CONTROL NUMBER
control field 12220
003 - CONTROL NUMBER IDENTIFIER
rucl marc code BD-RjUL
005 - DATE AND TIME OF LATEST TRANSACTION
control field 20211208235245.0
008 - FIXED-LENGTH DATA ELEMENTS--GENERAL INFORMATION
fixed length control field 140128s1985 nyua b 001 0 eng c
020 ## - INTERNATIONAL STANDARD BOOK NUMBER
International Standard Book Number 0444009442
035 ## - SYSTEM CONTROL NUMBER
System control number (BD-RjUL)12269
040 ## - CATALOGING SOURCE
Original cataloging agency DNLM/DLC
Transcribing agency DLC
Modifying agency DLC
-- BD-RjUL
Language of cataloging eng
041 ## - LANGUAGE CODE
Language code of text/sound track or separate title eng
060 #0 - NATIONAL LIBRARY OF MEDICINE CALL NUMBER
Classification number WL 102 P9547
082 00 - DEWEY DECIMAL CLASSIFICATION NUMBER
Classification number 599.0188
Edition number 19
Author mark and year PRI 1985
245 00 - TITLE STATEMENT
Title Principles of neural science /
Statement of responsibility, etc. edited by Eric R. Kandel and James H. Schwartz ; art rendered by Jonathan Dimes.
250 ## - EDITION STATEMENT
Edition statement 2nd ed.
260 ## - PUBLICATION, DISTRIBUTION, ETC. (IMPRINT)
Place of publication, distribution, etc. New York :
Name of publisher, distributor, etc. Elsevier,
Date of publication, distribution, etc. c1985.
300 ## - PHYSICAL DESCRIPTION
Pagination xxxviii, 979 p. :
Illustrations ill. ;
Size 29 cm.
504 ## - BIBLIOGRAPHY, ETC. NOTE
Bibliography, etc Bibliography: p. [895]-922.
Bibliography, etc Includes indexes.
650 #0 - SUBJECT ADDED ENTRY--TOPICAL TERM
Topical term or geographic name as entry element Neurology.
9 (RLIN) 37896
Topical term or geographic name as entry element Neurons.
9 (RLIN) 37897
Topical term or geographic name as entry element Behavior.
9 (RLIN) 37898
Topical term or geographic name as entry element Nervous System Diseases.
9 (RLIN) 37899
Topical term or geographic name as entry element Neurochemistry.
9 (RLIN) 37900
Topical term or geographic name as entry element Neurons.
9 (RLIN) 37901
Topical term or geographic name as entry element Neurophysiology.
9 (RLIN) 37902
700 1# - ADDED ENTRY--PERSONAL NAME
Personal name Kandel, Eric R.
Personal name Schwartz, James H.
Fuller form of name (James Harris),
Dates associated with a name 1932-2006.
942 ## - ADDED ENTRY ELEMENTS (KOHA)
Source of classification or shelving scheme Dewey Decimal Classification
Koha item type Books
Holdings
Lost status Source of classification or shelving scheme Damaged status Not for loan Collection code Permanent Location Current Location Shelving location Date acquired Source of acquisition Cost, normal purchase price Total Checkouts Full call number Date last seen Copy number Koha item type
  Dewey Decimal Classification   Not For Loan Non-fiction Central Library, University of Rajshahi Central Library, University of Rajshahi Reading Room 31/05/1988 Asia foundation 0.00   599.0188 PRI 1985 28/01/2014 C-1 Books